000 00399pab a2200157 454500
008 180718b2002 xxu||||| |||| 00| 0 eng d
100 _aBakshi, Rajat Shuvro
245 _aStrategies for Indian insurance companies - post liberalisation
260 _c2002
300 _ap.41-52.
362 _aJul-Dec
650 _aInsurance - India
650 _aInsurance
773 _aVision
909 _a56081
999 _c56081
_d56081